Normal view
MARC view
- تاليف ضيف، شوقي 1910 - 2005
Entry Personal Name
001 - CONTROL NUMBER
- control field: 46062
003 - CONTROL NUMBER IDENTIFIER
- control field: JO-AjAnu
005 - DATE AND TIME OF LATEST TRANSACTION
- control field: 20230606081620.0
008 - FIXED-LENGTH DATA ELEMENTS
- fixed length control field: 230606|| aca||aabn | a|a d
040 ## - CATALOGING SOURCE
- Original cataloging agency: JO-AjAnu
- Transcribing agency: JO-AjAnu
100 ## - HEADING--PERSONAL NAME
- Personal name: تاليف ضيف، شوقي 1910 - 2005
670 ## - SOURCE DATA FOUND
- Source citation: Work cat.: (JO-AjAnu)23580: تاليف ضيف، شوقي 1910 - 2005 , author, شوقي: شاعر العصر الحديث